书目信息 |
| 书名: | Brave new words | |
| 作者: | Kerry Maxwell | |
| 分册号: | ||
| 分册名: | 出版地: | UK |
|
| 出版社: | Pan books | |
| 出版时间: | 2006 | |
| 页数: | 218p | |
| 开本: | 20cm | |
| 丛书名: | ||
| 中图分类号: | ||
| 科图分类号: | ||
| 其他分类号: | H316 | |
| 主题词: | ||
| 电子资源: | ||
| 000 | 00368nam0 2200145 450 | |
| 001 | 202012197888 | |
| 005 | 20121114152642.0 | |
| 008 | 20010101s | |
| 020 | @a978-0-330-44868-0@c£6.99 | |
| 099 | @dH316@eK416 | |
| 245 | 10 | @aBrave new words@cKerry Maxwell |
| 260 | 0 | @aUK@bPan books@c2006 |
| 300 | @a218p@c20cm | |
| 905 | @b11425 | |
| 905 | @aTSG@dH316@eK416 | |
| Brave new words / Kerry Maxwell.-UK : Pan books , 2006 |
| 218p ; 20cm |
| ISBN 978-0-330-44868-0£6.99 |
| ● |
| 相关链接 |
|
|
|
正题名:Brave new words
索取号:H316/K416
 
预约/预借
| 序号 | 登录号 | 条形码 | 馆藏地/架位号 | 状态 | 备注 |